<?xml version="1.0" encoding="UTF-8"?>
<record
    xmlns:xsi="http://www.w3.org/2001/XMLSchema-instance"
    xsi:schemaLocation="http://www.loc.gov/MARC21/slim http://www.loc.gov/standards/marcxml/schema/MARC21slim.xsd"
    xmlns="http://www.loc.gov/MARC21/slim">

  <leader>009090000a22001090004500</leader>
  <datafield tag="100" ind1="1" ind2=" ">
    <subfield code="a">Mendoza, Claudia</subfield>
  </datafield>
  <datafield tag="245" ind1="1" ind2="0">
    <subfield code="a">Malaqu&#xED;as : El profeta de la honra de Dios</subfield>
  </datafield>
  <datafield tag="300" ind1=" " ind2=" ">
    <subfield code="a">Num. 35-36 (2000), P&#xE1;ginas 225-242</subfield>
  </datafield>
  <datafield tag="520" ind1=" " ind2=" ">
    <subfield code="a">Este art&#xED;culo intenta proponer una lectura del profeta Malaqu&#xED;as &#x2013; muchas veces menospreciado por su &#xED;ndole predominantemente c&#xFA;ltica &#x2013; que ayude a redescubrir el vigor con el que se enfrent&#xF3; a sus contempor&#xE1;neos, aplastados por el des&#xE1;nimo y el escepticismo, en una &#xE9;poca de miseria y crisis que lleg&#xF3; a golpear duramente hasta el n&#xFA;cleo m&#xE1;s &#xED;ntimo de la comunidad. A su vez procura destacar la fecundidad hermen&#xE9;utica de la relectura de la tradici&#xF3;n de El&#xED;as en clave escatol&#xF3;gica, cuyos efectos llegan a marcar la comprensi&#xF3;n cristiana de la figura de Juan Bautista, el precursor.</subfield>
  </datafield>
  <datafield tag="773" ind1="0" ind2=" ">
    <subfield code="t">Revista de Interpretaci&#xF3;n B&#xED;blica Latinoamericana</subfield>
  </datafield>
  <datafield tag="942" ind1=" " ind2=" ">
    <subfield code="c">ANA</subfield>
  </datafield>
  <datafield tag="952" ind1=" " ind2=" ">
    <subfield code="0">0</subfield>
    <subfield code="1">0</subfield>
    <subfield code="4">0</subfield>
    <subfield code="7">0</subfield>
    <subfield code="8">HEM</subfield>
    <subfield code="a">FUSBC</subfield>
    <subfield code="b">FUSBC</subfield>
    <subfield code="d">2016-01-26</subfield>
    <subfield code="l">0</subfield>
    <subfield code="o"> </subfield>
    <subfield code="r">2016-01-26 00:00:00</subfield>
    <subfield code="w">2016-01-26</subfield>
    <subfield code="y">ANA</subfield>
  </datafield>
  <datafield tag="999" ind1=" " ind2=" ">
    <subfield code="c">52563</subfield>
    <subfield code="d">52563</subfield>
  </datafield>
</record>
